[Event "Extremadura-chT"]
[Site "Spain"]
[Date "2008.03.01"]
[Round "7.3"]
[White "Arroba Guerra, Jose Manuel"]
[Black "Solis Fernandez, Fernando"]
[Result "1-0"]
[WhiteElo "1750"]
[BlackElo "1763"]
[PlyCount "85"]
[EventDate "2008.01.19"]
[EventType "team-swiss"]
[EventRounds "9"]
[EventCountry "ESP"]
[SourceTitle "EXT 2011"]
[Source "ChessBase"]
[SourceDate "2010.11.26"]
[SourceVersion "1"]
[SourceVersionDate "2010.11.26"]
[SourceQuality "1"]
[WhiteTeam "Casareno"]
[BlackTeam "Ateneo Cacereno II"]
[WhiteTeamCountry "ESP"]
[BlackTeamCountry "ESP"]

1. d4 Nf6 2. c4 g6 3. Nc3 Bg7 4. e4 d6 5. Be2 0-0 6. f4 c5 7. d5 e5 8. fxe5 dxe5 9. Nf3 Nh5 10. 0-0 Nd7 11. Be3 b6 12. Qd2 a6 13. Na4 Rb8 14. Rab1 Re8 15. b4 cxb4 16. Qxb4 Bf8 17. c5 bxc5 18. Qc3 Rb4 19. Nxc5 Rxb1 20. Rxb1 Nxc5 21. Bxc5 Nf4 22. Bf1 Qc7 23. Rc1 Bg4 24. Bxf8 Qxc3 25. Rxc3 Kxf8 26. Bxa6 Bxf3 27. gxf3 Ra8 28. Rc8+ Rxc8 29. Bxc8 Ke7 30. a4 Kd8 31. Bb7 Kc7 32. Bc6 f5 33. Kf2 fxe4 34. fxe4 g5 35. Kf3 h5 36. a5 g4+ 37. Kg3 Ne2+ 38. Kh4 Nf4 39. a6 Kb6 40. Bb7 Ka7 41. d6 Ne6 42. Kxh5 Nd8 43. d7 1-0